Statistics for All Bundesliga Coaches Since 2000

Click here to take the quiz!

General Stats

  • This quiz has been taken 124 times
    (52 since last reset)
  • The average score is 131 of 325

Answer Stats

ClubYearsCoach% Correct
Bayern München2023-Thomas Tuchel
97%
Dortmund2015-2017Thomas Tuchel
97%
Mainz2009-2014Thomas Tuchel
97%
Mainz2004-2007Jürgen Klopp
94%
Dortmund2008-2015Jürgen Klopp
94%
Bayern München2021-2023Julian Nagelsmann
91%
Leipzig2019-2021Julian Nagelsmann
91%
Hoffenheim2016-2019Julian Nagelsmann
91%
Bayern München2017-2018Jupp Heynckes
91%
Bayern München2009Jupp Heynckes
91%
Bayern München2011-2013Jupp Heynckes
91%
Schalke2003-2004Jupp Heynckes
91%
Leverkusen2009-2011Jupp Heynckes
91%
Mönchengladbach2006-2007Jupp Heynckes
91%
Bayern München2013-2016Pep Guardiola
91%
Bayern München2018-2019Niko Kovač
88%
Eintracht Frankfurt2016-2018Niko Kovač
88%
Wolfsburg2022-Niko Kovač
88%
Leverkusen2022-Xabi Alonso
88%
Leipzig2022-Marco Rose
84%
Mönchengladbach2019-2021Marco Rose
84%
Dortmund2021-2022Marco Rose
84%
Bayern München2016-2017Carlo Ancelotti
81%
Bayern München2019-2021Hansi Flick
81%
Augsburg2016-2019Manuel Baum
81%
Schalke2020Manuel Baum
81%
Paderborn2019-2020Steffen Baumgart
81%
Köln2021-2023Steffen Baumgart
81%
Dortmund2020-2021Edin Terzić
78%
Dortmund2022-Edin Terzić
78%
Eintracht Frankfurt2000-2001Felix Magath
78%
Stuttgart2001-2004Felix Magath
78%
Wolfsburg2007-2009Felix Magath
78%
Hertha2022Felix Magath
78%
Schalke2009-2011Felix Magath
78%
Bayern München2004-2007Felix Magath
78%
Wolfsburg2011-2012Felix Magath
78%
Hertha2023Pál Dárdai
78%
Hertha2015-2019Pál Dárdai
78%
Hertha2021Pál Dárdai
78%
Freiburg2011-Christian Streich
75%
Bayern München2008-2009Jürgen Klinsmann
75%
Hertha2019-2020Jürgen Klinsmann
75%
Eintracht Frankfurt2021-2023Oliver Glasner
75%
Wolfsburg2019-2021Oliver Glasner
75%
Hoffenheim2020-2022Sebastian Hoeneß
75%
Stuttgart2023-Sebastian Hoeneß
75%
Eintracht Frankfurt2023-Dino Toppmöller
72%
Heidenheim2023-Frank Schmidt
72%
Hamburg2003-2004Klaus Toppmöller
72%
Leverkusen2001-2003Klaus Toppmöller
72%
Dortmund2018-2020Lucien Favre
72%
Hertha2007-2009Lucien Favre
72%
Mönchengladbach2011-2015Lucien Favre
72%
Leverkusen2014-2017Roger Schmidt
72%
Leverkusen2021-2022Gerardo Seoane
69%
Mönchengladbach2023-Gerardo Seoane
69%
Augsburg2019-2020Martin Schmidt
69%
Wolfsburg2017-2018Martin Schmidt
69%
Mainz2015-2017Martin Schmidt
69%
Werder Bremen2022-Ole Werner
69%
Köln2014-2017Peter Stöger
69%
Dortmund2017-2018Peter Stöger
69%
Mainz2021-2023Bo Svensson
59%
Wolfsburg2021-2022Florian Kohfeldt
59%
Werder Bremen2017-2021Florian Kohfeldt
59%
Köln2002Friedhelm Funkel
59%
Köln2003Friedhelm Funkel
59%
Hertha2009-2010Friedhelm Funkel
59%
Hansa Rostock2000-2001Friedhelm Funkel
59%
Düsseldorf2018-2020Friedhelm Funkel
59%
Eintracht Frankfurt2005-2009Friedhelm Funkel
59%
Leipzig2018-2019Ralf Rangnick
59%
Schalke2004-2005Ralf Rangnick
59%
Stuttgart2000-2001Ralf Rangnick
59%
Schalke2011Ralf Rangnick
59%
Hoffenheim2008-2010Ralf Rangnick
59%
Hannover2002-2004Ralf Rangnick
59%
Darmstadt2023-Torsten Lieberknecht
59%
Braunschweig2013-2014Torsten Lieberknecht
59%
Union Berlin2019-2023Urs Fischer
59%
Mönchengladbach2021-2022Adi Hütter
56%
Eintracht Frankfurt2018-2021Adi Hütter
56%
Schalke2017-2019Domenico Tedesco
56%
Leipzig2021-2022Domenico Tedesco
56%
Bayern München2009-2011Louis van Gaal
56%
Ingolstadt2015-2016Ralph Hasenhüttl
56%
Leipzig2016-2018Ralph Hasenhüttl
56%
Hannover2016Thomas Schaaf
56%
Eintracht Frankfurt2014-2015Thomas Schaaf
56%
Werder Bremen2000-2013Thomas Schaaf
56%
Köln2024-Timo Schultz
56%
Hansa Rostock2002-2003Armin Veh
53%
Wolfsburg2009-2010Armin Veh
53%
Stuttgart2014Armin Veh
53%
Stuttgart2006-2008Armin Veh
53%
Eintracht Frankfurt2015-2016Armin Veh
53%
Hamburg2010-2011Armin Veh
53%
Eintracht Frankfurt2012-2014Armin Veh
53%
Stuttgart2014-2015Huub Stevens
53%
Stuttgart2014Huub Stevens
53%
Hertha2002-2003Huub Stevens
53%
Schalke2011-2012Huub Stevens
53%
Schalke2000-2002Huub Stevens
53%
Hoffenheim2015-2016Huub Stevens
53%
Hamburg2007-2008Huub Stevens
53%
Augsburg2012-2016Markus Weinzierl
53%
Schalke2016-2017Markus Weinzierl
53%
Augsburg2021-2022Markus Weinzierl
53%
Stuttgart2018-2019Markus Weinzierl
53%
Bayern München2007-2008Ottmar Hitzfeld
53%
Bayern München2000-2004Ottmar Hitzfeld
53%
Dortmund2017Peter Bosz
53%
Leverkusen2019-2021Peter Bosz
53%
Augsburg2022-2023Enrico Maaßen
50%
Hoffenheim2023-Pellegrino Matarazzo
50%
Stuttgart2020-2022Pellegrino Matarazzo
50%
Bochum2021-2022Thomas Reis
50%
Schalke2022-2023Thomas Reis
50%
Stuttgart2023Bruno Labbadia
47%
Leverkusen2008-2009Bruno Labbadia
47%
Hamburg2015-2016Bruno Labbadia
47%
Stuttgart2010-2013Bruno Labbadia
47%
Hamburg2009-2010Bruno Labbadia
47%
Wolfsburg2018-2019Bruno Labbadia
47%
Hertha2020-2021Bruno Labbadia
47%
Mönchengladbach2022-2023Daniel Farke
47%
Schalke2019-2020David Wagner
47%
Hamburg2016-2018Markus Gisdol
47%
Köln2019-2021Markus Gisdol
47%
Hoffenheim2013-2015Markus Gisdol
47%
Bochum2022-Thomas Letsch
47%
Wolfsburg2013-2016Dieter Hecking
44%
Nürnberg2009-2012Dieter Hecking
44%
Mönchengladbach2017-2019Dieter Hecking
44%
Aachen2006Dieter Hecking
44%
Hannover2006-2009Dieter Hecking
44%
Bielefeld2021-2022Frank Kramer
44%
Greuther Fürth2013Frank Kramer
44%
Schalke2022Frank Kramer
44%
Greuther Fürth2012-2013Mike Büskens
44%
Hamburg2014Mirko Slomka
44%
Hannover2010-2013Mirko Slomka
44%
Schalke2006-2008Mirko Slomka
44%
Freiburg2009-2011Robin Dutt
44%
Leverkusen2011-2012Robin Dutt
44%
Werder Bremen2013-2014Robin Dutt
44%
Hamburg2011-2013Thorsten Fink
44%
Mainz2019-2020Achim Beierlorzer
41%
Köln2019Achim Beierlorzer
41%
Paderborn2014-2015André Breitenreiter
41%
Schalke2015-2016André Breitenreiter
41%
Hannover2017-2019André Breitenreiter
41%
Hoffenheim2022-2023André Breitenreiter
41%
Schalke2021Dimitrios Grammozis
41%
Augsburg2016Dirk Schuster
41%
Darmstadt2015-2016Dirk Schuster
41%
Leipzig2021Jesse Marsch
41%
Freiburg2003-2005Volker Finke
41%
Freiburg2000-2002Volker Finke
41%
Stuttgart2017-2018Hannes Wolf
38%
Leverkusen2021Hannes Wolf
38%
Hertha2003-2004Hans Meyer
38%
Mönchengladbach2008-2009Hans Meyer
38%
Mönchengladbach2001-2003Hans Meyer
38%
Nürnberg2005-2008Hans Meyer
38%
Aachen2006-2007Michael Frontzeck
38%
Bielefeld2007-2008Michael Frontzeck
38%
Mönchengladbach2009-2011Michael Frontzeck
38%
Hannover2015Michael Frontzeck
38%
Union Berlin2023-Nenad Bjelica
38%
Düsseldorf2012-2013Norbert Meier
38%
Darmstadt2016Norbert Meier
38%
Duisburg2005Norbert Meier
38%
Leverkusen2017Tayfun Korkut
38%
Hertha2021-2022Tayfun Korkut
38%
Stuttgart2018Tayfun Korkut
38%
Hannover2013-2015Tayfun Korkut
38%
Dortmund2007-2008Thomas Doll
38%
Hannover2019Thomas Doll
38%
Hamburg2004-2007Thomas Doll
38%
Kaiserslautern2005-2006Wolfgang Wolf
38%
Wolfsburg2000-2003Wolfgang Wolf
38%
Nürnberg2003Wolfgang Wolf
38%
Nürnberg2004-2005Wolfgang Wolf
38%
Dortmund2004-2006Bert van Marwijk
34%
Hamburg2013-2014Bert van Marwijk
34%
Hamburg2018Christian Titz
34%
Leverkusen2000Christoph Daum
34%
Eintracht Frankfurt2011Christoph Daum
34%
Köln2008-2009Christoph Daum
34%
Augsburg2023-Jess Thorup
34%
Greuther Fürth2021-2022Stefan Leitl
34%
Augsburg2020-2021Heiko Herrlich
31%
Leverkusen2017-2018Heiko Herrlich
31%
Bochum2009-2010Heiko Herrlich
31%
Schalke2012-2014Jens Keller
31%
Stuttgart2010Jens Keller
31%
Werder Bremen2014-2016Viktor Skripnik
31%
Werder Bremen2016-2017Alexander Nouri
28%
Hertha2020Alexander Nouri
28%
Mönchengladbach2015-2016André Schubert
28%
Mainz2024-Bo Henriksen
28%
Schalke2020-2021Christian Gross
28%
Stuttgart2009-2010Christian Gross
28%
Augsburg2011-2012Jos Luhukay
28%
Hertha2013-2015Jos Luhukay
28%
Mönchengladbach2008Jos Luhukay
28%
Mönchengladbach2007Jos Luhukay
28%
Stuttgart2004-2005Matthias Sammer
28%
Dortmund2000-2004Matthias Sammer
28%
Hertha2012Otto Rehhagel
28%
Kaiserslautern2000Otto Rehhagel
28%
St. Pauli2010-2011Holger Stanislawski
25%
Hoffenheim2011-2012Holger Stanislawski
25%
Freiburg2011Marcus Sorg
25%
Schalke2014-2015Roberto Di Matteo
25%
Hoffenheim2019-2020Alfred Schreuder
22%
Hertha2019Ante Čović
22%
Stuttgart2008-2009Markus Babbel
22%
Hoffenheim2012Markus Babbel
22%
Hertha2011Markus Babbel
22%
Wolfsburg2021Mark van Bommel
22%
Bochum2002-2005Peter Neururer
22%
Hannover2005-2006Peter Neururer
22%
Wolfsburg2010-2011Steve McClaren
22%
Stuttgart2015Alexander Zorniger
19%
Wolfsburg2017Andries Jonker
19%
Hansa Rostock2004-2005Jörg Berger
19%
Bielefeld2009Jörg Berger
19%
Leverkusen2003-2005Klaus Augenthaler
19%
Nürnberg2001-2003Klaus Augenthaler
19%
Wolfsburg2005-2007Klaus Augenthaler
19%
Hoffenheim2013Marco Kurz
19%
Kaiserslautern2010-2012Marco Kurz
19%
Leverkusen2012-2014Sami Hyypiä
19%
Hertha2022-2023Sandro Schwarz
19%
Mainz2017-2019Sandro Schwarz
19%
Leverkusen2012-2013Sascha Lewandowski
19%
Köln2017-2018Stefan Ruthenbeck
19%
1860 München2000-2001Werner Lorant
19%
Köln2009-2010Zvonimir Soldo
19%
Bielefeld2002-2003Benno Möhlmann
16%
Hamburg2018Bernd Hollerbach
16%
Köln2010-2011Frank Schaefer
16%
Mainz2020Jan-Moritz Lichte
16%
Mainz2023-2024Jan Siewert
16%
Hamburg2014-2015Josef Zinnbauer
16%
Wolfsburg2003-2004Jürgen Röber
16%
Hertha2000-2002Jürgen Röber
16%
Dortmund2006-2007Jürgen Röber
16%
Mainz2014-2015Kasper Hjulmand
16%
Hamburg2008-2009Martin Jol
16%
Nürnberg2018-2019Michael Köllner
16%
Hamburg2011Michael Oenning
16%
Nürnberg2009Michael Oenning
16%
1860 München2001-2003Peter Pacult
16%
Köln2011-2012Ståle Solbakken
16%
Darmstadt2017Torsten Frings
16%
Bielefeld2020-2021Uwe Neuhaus
16%
Düsseldorf2020Uwe Rösler
16%
Leverkusen2000-2001Berti Vogts
13%
Bielefeld2007Ernst Middendorp
13%
Nürnberg2013-2014Gertjan Verbeek
13%
Stuttgart2005-2006Giovanni Trapattoni
13%
Ingolstadt2016-2017Maik Walpurgis
13%
Bochum2006-2009Marcel Koller
13%
Köln2003-2004Marcel Koller
13%
Bielefeld2005-2007Thomas von Heesen
13%
Nürnberg2008Thomas von Heesen
13%
Wolfsburg2016-2017Valérien Ismaël
13%
Energie Cottbus2000-2003Eduard Geyer
9%
Hertha2002Falko Götz
9%
1860 München2003-2004Falko Götz
9%
Hertha2004-2007Falko Götz
9%
Hansa Rostock2007-2008Frank Pagelsdorf
9%
Hamburg2000-2001Frank Pagelsdorf
9%
Duisburg2005-2006Jürgen Kohler
9%
Unterhaching2000-2001Lorenz-Günther Köstner
9%
Ingolstadt2016Markus Kauczinski
9%
Eintracht Frankfurt2009-2011Michael Skibbe
9%
Leverkusen2005-2008Michael Skibbe
9%
Hertha2012Michael Skibbe
9%
Energie Cottbus2006-2007Petrik Sander
9%
Stuttgart2013-2014Thomas Schneider
9%
Köln2005Uwe Rapolder
9%
Bielefeld2004-2005Uwe Rapolder
9%
Eintracht Frankfurt2003-2004Willi Reimann
9%
Kaiserslautern2000-2002Andreas Brehme
6%
Hannover2016Daniel Stendel
6%
Mönchengladbach2004-2005Dick Advocaat
6%
Mönchengladbach2003Ewald Lienen
6%
Köln2000-2002Ewald Lienen
6%
Hannover2004-2005Ewald Lienen
6%
Stuttgart2015-2016Jürgen Kramny
6%
Hoffenheim2011Marco Pezzaiuoli
6%
Nürnberg2012-2013Michael Wiesinger
6%
Stuttgart2022Michael Wimmer
6%
Duisburg2007-2008Rudi Bommer
6%
Hannover2009-2010Andreas Bergmann
3%
Hansa Rostock2000Andreas Zachhuber
3%
Energie Cottbus2007-2009Bojan Prašnikar
3%
Karlsruhe2007-2009Edmund Becker
3%
Kaiserslautern2002-2004Eric Gerets
3%
Wolfsburg2004-2005Eric Gerets
3%
Schalke2002-2003Frank Neubarth
3%
Schalke2008-2009Fred Rutten
3%
Eintracht Frankfurt2001Friedel Rausch
3%
1860 München2004Gerald Vanenburg
3%
Mönchengladbach2003-2004Holger Fach
3%
Wolfsburg2005Holger Fach
3%
Mönchengladbach2005-2006Horst Köppel
3%
Kaiserslautern2012Krassimir Balakow
3%
Kaiserslautern2004-2005Kurt Jara
3%
Hamburg2001-2003Kurt Jara
3%
Kaiserslautern2005Michael Henke
3%
Bochum2001Rolf Schafstall
3%
Nürnberg2012-2013Armin Reutershahn
0%
St. Pauli2001-2002Dietmar Demuth
0%
Bielefeld2007Frank Geideck
0%
Köln2006Hanspeter Latour
0%
Hansa Rostock2003-2004Juri Schlünz
0%
Hertha2007Karsten Heine
0%
Bochum2000-2001Ralf Zumdick
0%
Eintracht Frankfurt2001Rolf Dohmen
0%

Score Distribution

Percentile by Number Answered

Percent of People with Each Score

Your Score History

You have not taken this quiz since the last reset